000 00663nam a2200193 i 4500
001 165946
003 ES-MaACL
005 20250902063112.0
008 190326s1940 sp a |||| | spa d
080 _a821.134.2-293.21"19"
100 1 _aLópez Silva, José,
_d1861-1925
_973986
245 1 3 _aLa revoltosa ; Las bravías ; La chavala /
_cJosé López Silva y Carlos Fernández Shaw.
260 _aBarcelona :
_bCisne,
_c[ca. 1940]
300 _a112 p. ;
_c18 cm.
490 1 _aTeatro selecto ;
_vn. especial lírico 9
830 0 0 _aTeatro selecto (Cisne)
_vn. especial lírico 9
_9188581
852 _aES-MaACL
_j2339-F-1
999 _c165946
_d165946